00812nam a2200217 a 4500008004100000020002200041040010500063100002000168245015700188260003500345300001200380300004000392500002100432504004100453650002300494650001700517700002200534700002000556003000100576005001700577  a0073530638 (pbk.) aMAINcNUSTc(39156)c(39157)c(39158)c(39159)c(39160)c(41201)c(38922)c(41201)c(40048)c(40049)1 aKapoor, Jack R.10aFocus on personal finance :ban active approach to help you develop successful financial skills /cJack R. Kapoor, Les R. Dlabay [and] Robert J. Hughes. aBoston :bMc-Graw Hill,c2008. a2nd ed. axxiv, 504 p. :bcol. ill. ;c27 cm. aIncludes index.  aIncludes bibliographical references. 1aFinance, Personal. aInvestments. aHughes, Robert J. aDlabay, Les R.20230123125322.0